Statistics for Copa Libertadores - Winners and runners-up

Click here to take the quiz!

General Stats

  • This quiz has been taken 3,224 times
    (616 since last reset)
  • The average score is 104 of 128

Answer Stats

HintAnswer% Correct
1963 | 1977 | 1978 | +9 othersBoca Juniors
98%
1966 | 1976 | 1986 | +4 othersRiver Plate
98%
1962 | 1963 | 2003 | +2 othersSantos
96%
1981 | 2019 | 2021 | 2022Flamengo
95%
2008 | 2023Fluminense
94%
1961 | 1968 | 1999 | +3 othersPalmeiras
93%
2014Club Nacional
91%
1983 | 1984 | 1995 | +2 othersGremio
91%
1974 | 1992 | 1993 | +3 othersSao Paulo
89%
1964 | 1965 | 1972 | +4 othersIndependiente
88%
2016Independiente del Valle
88%
1960 | 1961 | 1962 | +7 othersPenarol
87%
2012Corinthians
86%
1964 | 1967 | 1969 | +3 othersNacional
84%
2013Atletico Mineiro
83%
1973 | 1991Colo - Colo
83%
1980 | 2006 | 2010Internacional
82%
1967Racing Avellaneda
80%
1976 | 1977 | 1997 | 2009Cruzeiro
78%
1968 | 1969 | 1970 | +2 othersEstudiantes
78%
1960 | 1979 | 1989 | +4 othersOlimpia Asuncion
77%
2014San Lorenzo
76%
1998Vasco da Gama
76%
1989 | 1995 | 2016Atletico Nacional
75%
2008LDU Quito
72%
2005 | 2022Athletico Paranaense
70%
2004Once Caldas
67%
2017Lanus
65%
1994Velez Sarsfield
65%
1990 | 1998Barcelona Guayaquil
62%
1985Argentinos Juniors
60%
1985 | 1986 | 1987 | 1996America de Calì
59%
2015Tigres UANL
57%
1988 | 1992Newell's Old Boys
56%
2010Chivas de Guadalajara
51%
1993Universidad Catolica
51%
2002Sao Caetano
47%
1978 | 1999Deportivo Calì
44%
2001Cruz Azul
43%
1997Sporting Cristal
43%
1981 | 1982Cobreloa
42%
1972Universitario
41%
1975Union Espanola
29%

Score Distribution

Percentile by Number Answered

Percent of People with Each Score

Your Score History

You have not taken this quiz since the last reset